000 00240nam a2200109Ia 4500
008 190216s9999||||xx |||||||||||||| ||und||
100 _aTraveliyan Millan
245 0 _aHindi-Thomas Edison
260 _bNull
650 _aHindi
942 _cBK
999 _c15329
_d15329